Hiába lobogtatunk zászlót Néhány gondolat zenei nevelésünk problémáiról

Bibliographic Details
Main Author: Ág, Tibor, 1928-2013 (Author)
Format: Article
Language:Hungarian
PhysicalDescription:Fotogr. 2
Subjects:

MARC

LEADER 00000nab a2200000 a 4500
001 vtls000566975
003 SK-MaSNL
005 20260318132551.0
008 160202c1995 xo 0 hun
015 |a SNBRB19rr/mm-uuuuu 
035 |a CL0567113 
040 |a SNKBUCL  |b slo  |c SNKBUCL  |e AACR2 
041 0 |a hun 
044 |a xo  |c SK 
080 |a 37.03:78  |2 1981 
080 |a 372.878  |2 1981 
100 1 |a Ág, Tibor,  |d 1928-2013  |4 aut  |9 174546 
245 1 0 |a Hiába lobogtatunk zászlót  |b Néhány gondolat zenei nevelésünk problémáiról  |c Tibor Ág 
300 |b Fotogr. 2 
650 0 7 |a hudobná výchova  |2 snkbucl  |9 1662 
650 0 7 |a hudobná pedagogika  |2 snkbucl  |9 67645 
655 7 |a články z novín a časopisov  |2 snkbucl  |9 267496 
773 0 |t Katedra  |g Roč. 3, č. 3 (1995), s. 10-11 
850 |a Slovenská národná knižnica v Martine  |a DSG001 
852 |a SNK  |b KIS3GCP 
958 |a RK 
958 |a HU 
958 |a SK 
992 |a RBX 
999 |c 2134875  |d 2136805